000 01351nam a2200361 i 4500
001 000026574
003 DO-SdBNP
005 20260520103319.0
007 ta
008 110323t1986 dr abc 001 0bspa d
020 _a0316184403
040 _aDO-SdBNP
_bspa
_cBNPHU
_erda
041 _aspa
082 4 _a923.17293
_bT866D 1986
_222
100 1 _aDiederich, Bernard,
_d1927-
_eautor
_4aut.
_945019
240 1 0 _aTrujillo : The death of the goat
_lespañol
245 1 0 _aTrujillo :
_bla muerte del dictador /
_cBernard Diederich.
250 _a[segunda edición].
264 _aSanto Domingo :
_bEditora Cultural Dominicana,
_c1986.
300 _a258 páginas :
_bilustraciones, mapas, retratos ;
_c22 cm.
336 _atexto
_btxt
_2rdacontent
337 _asin mediación
_bn
_2rdamedia
338 _avolumen
_bnc
_2rdacarrier
500 _aIncluye cronología de Trujillo.
500 _aIncluye datos biográficos del autor en la contracubierta.
500 _aIncluye notas al pie de páginas.
500 _aTraducido del inglés.
600 1 0 _aTrujillo Molina, Rafael Leónidas,
_d1891-1961
_xMuerte
_910869
650 4 _aHomicidio político
_zRepública Dominicana
_911383
651 4 _aRepública Dominicana
_xPolítica y gobierno
_yEra de Trujillo, 1930-1961
_91374
910 _aValidado. Control de calidad EMS.
942 _2ddc
_cLBS1
999 _c26066
_d26066